|
|
|
|
| LEADER |
01512nam a2200325 i 4500 |
| 001 |
39370 |
| 003 |
BD-DhAAL |
| 008 |
220821t2018 nyua 000 0 eng d |
| 999 |
|
|
|c 44100
|d 44100
|
| 010 |
|
|
|a 2016053927
|
| 020 |
|
|
|a 1292215623
|
| 020 |
|
|
|a 9781292215624
|
| 040 |
|
|
|a DLC
|b eng
|c DLC
|e rda
|d DLC
|d BD-DhAAL
|
| 042 |
|
|
|a pcc
|
| 050 |
0 |
0 |
|a HB172
|b .P39 2018
|
| 082 |
0 |
0 |
|a 338.5
|2 23
|
| 100 |
1 |
|
|a Perloff, Jeffrey M.,
|e [author]
|9 50950
|
| 245 |
1 |
0 |
|a Microeconomics /
|c Jeffrey M. Perloff, University of California, Berkeley.
|
| 250 |
|
|
|a Eighth edition.
|
| 264 |
|
1 |
|a New York, NY :
|b Pearson,
|c c2018.
|
| 300 |
|
|
|a 813 pages :
|b illustrations ;
|c 26 cm.
|
| 526 |
|
|
|a ESS
|
| 541 |
|
|
|a Book Finder International
|e 39370, 39371, 39372
|
| 650 |
|
0 |
|a Microeconomics.
|9 50951
|
| 650 |
|
0 |
|a Economics.
|9 50952
|
| 852 |
|
|
|a Ayesha Abed Library
|c General Stacks
|
| 942 |
|
|
|2 ddc
|c BK
|
| 952 |
|
|
|0 0
|1 0
|2 ddc
|4 0
|6 338_500000000000000_PER
|7 0
|9 71594
|a BRACUL
|b BRACUL
|c GEN
|d 2022-08-07
|e Book Finder International
|g 6622.31
|l 4
|o 338.5 PER
|p 3010039371
|r 2025-10-13
|s 2025-10-13
|t 2
|v 6622.31
|w 2022-08-07
|y BK
|
| 952 |
|
|
|0 0
|1 0
|2 ddc
|4 0
|6 338_500000000000000_PER
|7 0
|9 71595
|a BRACUL
|b BRACUL
|c GEN
|d 2022-08-07
|e Book Finder International
|g 6622.31
|l 2
|m 8
|o 338.5 PER
|p 3010039372
|r 2025-11-05
|s 2025-08-19
|t 3
|v 6622.31
|w 2022-08-07
|y BK
|
| 952 |
|
|
|0 0
|1 0
|2 ddc
|4 0
|6 338_500000000000000_PER
|7 0
|9 71596
|a BRACUL
|b BRACUL
|c GEN
|d 2022-08-07
|e Book Finder International
|g 6622.31
|l 4
|m 31
|o 338.5 PER
|p 3010039370
|r 2026-01-15
|s 2026-01-13
|t 1
|v 6622.31
|w 2022-08-07
|y BK
|